| 000 | 00544 a2200193 4500 | ||
|---|---|---|---|
| 005 | 20250516123341.0 | ||
| 008 | 250516b |||||||| |||| 00| 0 eng d | ||
| 020 |
_a9781646475858 _c$ 156.95 |
||
| 040 | _aMAIN | ||
| 082 |
_a616.8526 _bH884E |
||
| 100 | _aHumphries, Lewis, ed. | ||
| 245 | _aEating disorders: A guide to medical care and complications | ||
| 260 |
_bHayle Medical _c2023 _aNew York |
||
| 300 | _avii, 228 | ||
| 650 | _aEating Disorders | ||
| 650 | _aAppetite Disorders | ||
| 650 | _aPsychology-Pathological | ||
| 942 | _cBK | ||
| 999 |
_c359209 _d359209 |
||